| 000 | 00633nam a2200193Ia 4500 | ||
|---|---|---|---|
| 001 | 8445 | ||
| 003 | GE_BSU | ||
| 008 | 181216s||||||||xx |||||||||||||| ||und|| | ||
| 040 | _cGE_BSU | ||
| 080 | _a821.353.1-1:821.353.1-11 | ||
| 100 | _aეული, სანდრო | ||
| 245 | _aლექსები, პოემები. | ||
| 245 | _cრედ.: რ. გვეტაძე; მხატვ.:ლ. ზაალიშვილი. | ||
| 260 | _aთბილისი. | ||
| 260 | _bფედერაცია. | ||
| 300 | _a193 გვ; 21 სმ. | ||
| 653 | _aლექსები, პოემები. | ||
| 942 | _cBK | ||
| 999 |
_c41764 _d41764 |
||